000 00921nas a2200301 4500
001 BR0800675
003 BR-BrBNA
005 20231205111530.0
007 ta
008 230509b bl.|||p| |||| 00| 00por d
040 _aBR-BrBNA
_bpor
_cBiblioteca Nacional de Agricultura
041 _a(Pt)
072 _aM11; M12
100 1 _aSouza, R.A.L.
100 1 _aMelo, J.S.C.
100 1 _aPereira, J.A.
100 1 _aPeret, A.C.
245 1 _aDeterminação da densidade de estocagem de alevinos de tambaqui Colossoma Macropomum Cuvier, 1818 (Pisces, Characidae)no estado do Pará - Brasil
650 _aESTOQUE
650 _aPEIXE
650 _aTAMBAQUI
650 _aCRESCIMENTO
650 _aNUTRIÇÃO ANIMAL
650 _aALEVINO
773 0 _tBoletim Técnico do CEPTA (Brazil)
_xISSN 0103-1112
_g(1998), v. 11 p. 39-48
_wBR0800675
909 _a202311
_bLúcia
_c55
_dLúcia Elande
942 _2AGRIS
_n0
_cANA
999 _c193204
_d193204